[Event "EIBCC 2019"]
[Site "Tallinn"]
[Date "2019.12.07"]
[Round "16.1"]
[White "Lysyj, Igor"]
[Black "Sargissian, Gabriel"]
[Result "1-0"]
[WhiteElo "2600"]
[BlackElo "2676"]
[Annotator "ChessBase"]
[PlyCount "69"]
[EventDate "2019.12.06"]
[EventType "swiss"]
[EventCountry "EST"]
[SourceTitle "playchess.com"]
[Source "ChessBase"]
[SourceQuality "1"]

1. d4 Nf6 2. c4 e6 3. Nf3 d5 4. g3 Be7 5. Bg2 O-O 6. O-O c6 7. Nc3 Nbd7 8. Qd3 b6 9. b3 a5 10. Rd1 Ba6 11. e4 Rc8 12. e5 Ne8 13. a4 Nc7 14. h4 h6 15. Bf4 Re8 16. Rac1 Bb7 17. cxd5 cxd5 18. h5 Na6 19. Nb5 Nb4 20. Qd2 Ba6 21. Bf1 Bf8 22. Rxc8 Qxc8 23. Rc1 Qb8 24. Nc7 Bxf1 25. Nxe8 Ba6 26. Nd6 Nd3 27. Rc3 Nb4 28. g4 Bxd6 29. exd6 Nf6 30. Rc7 Ne4 31. Qe3 Qd8 32. Ne5 Nxd6 33. Rd7 Qf8 34. Ng6 fxg6 35. Qxe6+ 1-0

[Event "EIBCC 2019"]
[Site "Tallinn"]
[Date "2019.12.07"]
[Round "16.2"]
[White "Mamedov, Rauf"]
[Black "Popov, Valerij"]
[Result "0-1"]
[WhiteElo "2670"]
[BlackElo "2547"]
[Annotator "ChessBase"]
[PlyCount "68"]
[EventDate "2019.12.06"]
[EventType "swiss"]
[EventCountry "EST"]
[SourceTitle "playchess.com"]
[Source "ChessBase"]
[SourceQuality "1"]

1. e4 c6 2. Nc3 d5 3. Nf3 dxe4 4. Nxe4 Nf6 5. Qe2 Nxe4 6. Qxe4 Qd5 7. Qh4 Qe6+ 8. Be2 Qg4 9. Qg3 Qxg3 10. hxg3 Bf5 11. b3 a5 12. Bb2 a4 13. O-O-O h6 14. Nd4 Be4 15. Rh4 Bh7 16. Bh5 g5 17. Ne6 gxh4 18. Nc7+ Kd8 19. Nxa8 Rg8 20. Bxf7 Rg5 21. gxh4 Rxg2 22. bxa4 Rxf2 23. Bb3 Nd7 24. a5 Rf4 25. Nb6 Nc5 26. Bc4 h5 27. Rh1 Bh6 28. Kb1 Na4 29. Be5 Re4 30. Bg3 Nxb6 31. Bb3 Nc4 32. d3 Nd2+ 33. Kb2 Rg4 34. Be5 Nf3 0-1

[Event "EIBCC 2019"]
[Site "Tallinn"]
[Date "2019.12.07"]
[Round "16.3"]
[White "Turov, Maxim"]
[Black "Guseinov, Gadir"]
[Result "0-1"]
[WhiteElo "2535"]
[BlackElo "2593"]
[Annotator "ChessBase"]
[PlyCount "94"]
[EventDate "2019.12.06"]
[EventType "swiss"]
[EventCountry "EST"]
[SourceTitle "playchess.com"]
[Source "ChessBase"]
[SourceQuality "1"]

1. d4 g6 2. Nf3 Bg7 3. g3 d6 4. Bg2 Nd7 5. O-O e5 6. e4 Ne7 7. Nc3 O-O 8. dxe5 dxe5 9. a4 Nc5 10. Be3 Ne6 11. Nd5 c6 12. Nxe7+ Qxe7 13. c3 a5 14. Qb3 Re8 15. Rfd1 Nc5 16. Qa3 Bf8 17. Nd2 Be6 18. Bf1 Rad8 19. Bxc5 Qxc5 20. Qxc5 Bxc5 21. Nc4 b6 22. Rxd8 Rxd8 23. Nxe5 Rd2 24. Nd3 Be7 25. b4 Bf6 26. e5 Be7 27. Nf4 Bf5 28. bxa5 bxa5 29. Bc4 g5 30. Ne2 Bc5 31. Ra2 Rd1+ 32. Kg2 g4 33. f3 h5 34. Nd4 Bxd4 35. cxd4 Rxd4 36. Be2 Be6 37. Ra3 Rd2 38. Kf1 Rc2 39. fxg4 hxg4 40. Ke1 Rc5 41. Re3 Rc1+ 42. Kd2 Rh1 43. Rc3 Rxh2 44. Rxc6 Kg7 45. Ke3 Rg2 46. Bc4 Rxg3+ 47. Ke4 Rc3 0-1

[Event "EIBCC 2019"]
[Site "Tallinn"]
[Date "2019.12.07"]
[Round "16.4"]
[White "Usmanov, Vasily"]
[Black "Morozevich, Alexander"]
[Result "0-1"]
[WhiteElo "2495"]
[BlackElo "2712"]
[Annotator "TA"]
[PlyCount "58"]
[EventDate "2019.12.06"]
[EventType "swiss"]
[EventCountry "EST"]
[SourceTitle "playchess.com"]
[Source "ChessBase"]
[SourceQuality "1"]

1. d4 e6 2. c4 b6 3. a3 Bb7 4. Nc3 Nf6 5. d5 Bd6 6. Nb5 exd5 7. Nxd6+ cxd6 8. cxd5 Nxd5 9. e4 Nf6 10. f3 Qe7 11. Ne2 d5 12. Ng3 g6 13. e5 d6 14. Bb5+ Nbd7 15. f4 dxe5 16. fxe5 Qxe5+ 17. Kf2 O-O-O 18. Re1 Ne4+ 19. Kg1 Ndc5 20. Qf3 Ne6 21. Bh6 f5 22. Ne2 d4 23. Nf4 Nc7 24. Bd3 Rhe8 25. Rac1 Kb8 26. Ne2 Ne6 27. Nf4 N6c5 28. b4 Na4 29. Nxg6 Qe6 0-1

[Event "EIBCC 2019"]
[Site "Tallinn"]
[Date "2019.12.07"]
[Round "16.5"]
[White "Andriasian, Zaven"]
[Black "Yuffa, Daniil"]
[Result "1-0"]
[WhiteElo "2766"]
[BlackElo "2582"]
[Annotator "TA"]
[PlyCount "153"]
[EventDate "2019.12.06"]
[EventType "swiss"]
[EventCountry "EST"]
[SourceTitle "playchess.com"]
[Source "ChessBase"]
[SourceQuality "1"]

1. e4 c6 2. d3 d5 3. Nd2 e5 4. Ngf3 Bd6 5. g3 Nf6 6. Bg2 O-O 7. O-O Re8 8. Re1 a5 9. a4 Na6 10. h3 Nc5 11. exd5 cxd5 12. d4 exd4 13. Nxd4 Rxe1+ 14. Qxe1 Bd7 15. b3 Qb6 16. N2f3 Re8 17. Be3 Qc7 18. Qc1 Nce4 19. Bf4 Bxf4 20. Qxf4 Qxf4 21. gxf4 Nh5 22. Ne5 Bc8 23. Nd3 Nc3 24. Bf3 Nf6 25. Kg2 b6 26. Ne5 Ba6 27. Re1 Nfe4 28. Nd3 f6 29. f5 Rc8 30. Nf4 Bb7 31. Re3 Kf7 32. h4 Nb1 33. c4 Nbd2 34. Nxd5 Bxd5 35. cxd5 Nxf3 36. Kxf3 Nd6 37. Re6 Rd8 38. Kf4 g6 39. fxg6+ hxg6 40. f3 Rd7 41. Ke3 Rd8 42. Kd3 Rd7 43. Ke3 Rd8 44. Nc6 Rd7 45. Nd4 Rd8 46. Kf4 Rd7 47. Re1 Nb7 48. Rc1 Nc5 49. Ne6 Rxd5 50. Nxc5 bxc5 51. Rc3 Ke6 52. Re3+ Kd6 53. Kg3 Rd4 54. Re8 Rb4 55. Rg8 Rxb3 56. Rxg6 Ke6 57. h5 Kf7 58. Rg4 Rb4 59. Kf2 c4 60. h6 Rb2+ 61. Ke3 c3 62. Rc4 Rb3 63. Rc7+ Kg8 64. Ke4 Rb4+ 65. Kf5 c2 66. Kg6 Rb8 67. Rxc2 Rf8 68. Rc5 Ra8 69. f4 Rf8 70. Rxa5 f5 71. Rxf5 Ra8 72. a5 Ra6+ 73. Rf6 Ra8 74. a6 Kh8 75. Kf5 Rd8 76. a7 Rd5+ 77. Kg6 1-0

[Event "EIBCC 2019"]
[Site "Tallinn"]
[Date "2019.12.07"]
[Round "16.6"]
[White "Riazantsev, Alexander"]
[Black "Saric, Ante"]
[Result "1/2-1/2"]
[WhiteElo "2635"]
[BlackElo "2577"]
[Annotator "ChessBase"]
[PlyCount "137"]
[EventDate "2019.12.06"]
[EventType "swiss"]
[EventCountry "EST"]
[SourceTitle "playchess.com"]
[Source "ChessBase"]
[SourceQuality "1"]

1. d4 Nf6 2. c4 e6 3. Nf3 b6 4. a3 Bb7 5. Nc3 d5 6. Bg5 Be7 7. e3 O-O 8. Qc2 Nbd7 9. cxd5 Nxd5 10. Bxe7 Qxe7 11. Nxd5 Bxd5 12. Qxc7 Rfc8 13. Qf4 e5 14. dxe5 Bxf3 15. gxf3 Nxe5 16. Qe4 Qf6 17. f4 Ng4 18. Bd3 g6 19. Rb1 Re8 20. Qg2 Qxf4 21. Be2 Qf5 22. O-O Nf6 23. Rbc1 Rad8 24. Qf3 Qe5 25. Rc2 Kg7 26. Rfc1 Re7 27. Qg3 Qe6 28. Bc4 Qf5 29. Bf1 Rd1 30. Kg2 Rxc1 31. Rxc1 Qd5+ 32. Qf3 Re4 33. h3 Qd6 34. Rd1 Qe7 35. Bd3 Re5 36. Rc1 Rg5+ 37. Kf1 Rd5 38. Rd1 Qd7 39. Bc2 Qb5+ 40. Kg2 Rxd1 41. Bxd1 Qxb2 42. a4 Qb4 43. Bc2 Qc4 44. Qd1 Qd5+ 45. Qxd5 Nxd5 46. Kf3 f5 47. Ke2 Kf6 48. Bb3 Nb4 49. f4 g5 50. fxg5+ Kxg5 51. Kf3 Nc6 52. Bd5 Ne5+ 53. Kg3 Ng6 54. Kf3 h5 55. Kg3 h4+ 56. Kf3 Ne5+ 57. Ke2 f4 58. exf4+ Kxf4 59. Bb7 Kg3 60. Bc8 Ng6 61. Kd3 Nf4+ 62. Kc4 Nxh3 63. Kb5 Nf4 64. Ka6 Nd5 65. Kxa7 Nc3 66. Bd7 Nxa4 67. Bxa4 b5 68. Bxb5 h3 69. Bc6 1/2-1/2

[Event "EIBCC 2019"]
[Site "Tallinn"]
[Date "2019.12.07"]
[Round "16.7"]
[White "Demidov, Mikhail"]
[Black "Sanal, Vahap"]
[Result "0-1"]
[WhiteElo "2631"]
[BlackElo "2563"]
[Annotator "ChessBase"]
[PlyCount "97"]
[EventDate "2019.12.06"]
[EventType "swiss"]
[EventCountry "EST"]
[SourceTitle "playchess.com"]
[Source "ChessBase"]
[SourceQuality "1"]

1. d4 g6 2. Nf3 Bg7 3. g3 d6 4. Bg2 Nd7 5. O-O e5 6. dxe5 dxe5 7. Nc3 Ne7 8. Nd2 O-O 9. Nc4 Nb6 10. Nxb6 axb6 11. Bg5 f6 12. Be3 Nf5 13. Qc1 Nxe3 14. Qxe3 c6 15. Rfd1 Qc7 16. a3 f5 17. Qd3 e4 18. Qc4+ Qf7 19. Qb4 b5 20. a4 Qc4 21. Qxc4+ bxc4 22. f3 exf3 23. exf3 f4 24. gxf4 Rxf4 25. Rd8+ Rf8 26. Rxf8+ Kxf8 27. a5 Bd4+ 28. Kf1 Bf5 29. f4 Bxc2 30. Bf3 Kg7 31. Kg2 Rf8 32. a6 bxa6 33. Rxa6 c5 34. Kg3 Bd3 35. Rb6 Rf7 36. Bd5 Re7 37. Rb7 Rxb7 38. Bxb7 Kf6 39. Bd5 Ke7 40. Kf3 Kd6 41. Bg8 h6 42. Bf7 Kc6 43. Be8+ Kb6 44. h4 Ka5 45. h5 gxh5 46. Bxh5 Kb4 47. Bg4 Kb3 48. f5 Kxb2 49. Ne4 0-1

[Event "EIBCC 2019"]
[Site "Tallinn"]
[Date "2019.12.07"]
[Round "16.8"]
[White "Lintchevski, Daniil"]
[Black "Esipenko, Andrey"]
[Result "0-1"]
[WhiteElo "2553"]
[BlackElo "2582"]
[Annotator "ChessBase"]
[PlyCount "111"]
[EventDate "2019.12.06"]
[EventType "swiss"]
[EventCountry "EST"]
[SourceTitle "playchess.com"]
[Source "ChessBase"]
[SourceQuality "1"]

1. e4 e5 2. Nf3 Nc6 3. Nc3 Nf6 4. a3 d5 5. Bb5 Nxe4 6. Qe2 Bd6 7. Nxd5 Nf6 8. Nxf6+ Qxf6 9. Bxc6+ bxc6 10. d4 Qg6 11. O-O e4 12. Ne5 Bxe5 13. dxe5 Bh3 14. f3 exf3 15. Qxf3 Bg4 16. Qg3 O-O 17. Be3 a5 18. Rf2 Bf5 19. Qxg6 hxg6 20. Rd1 Rab8 21. c3 Rb5 22. Bf4 Be6 23. h3 Rfb8 24. Rdd2 Rd5 25. Rxd5 cxd5 26. Be3 Rb5 27. Rd2 a4 28. Kf2 c5 29. g4 Kf8 30. Kf3 Ke8 31. h4 Ra5 32. Kf4 Kd7 33. h5 Kc6 34. hxg6 fxg6 35. Rh2 Ra7 36. Kg5 Kb5 37. Rh8 Kc4 38. Re8 Ra6 39. Re7 d4 40. cxd4 cxd4 41. Bf4 Kb3 42. Rb7+ Kc2 43. Rxg7 d3 44. Rxg6 Kxb2 45. Rh6 Kxa3 46. Rh3 Bc4 47. Kf5 Kb3 48. Ke4 a3 49. Be3 a2 50. Bd4 a1=Q 51. Bxa1 Rxa1 52. Kd4 Rg1 53. e6 Rxg4+ 54. Ke5 Rg6 55. Rxd3+ Bxd3 56. Kd4 0-1

[Event "EIBCC 2019"]
[Site "Tallinn"]
[Date "2019.12.07"]
[Round "16.9"]
[White "Sebenik, Matej"]
[Black "Kulaots, Kaido"]
[Result "1/2-1/2"]
[WhiteElo "2457"]
[BlackElo "2562"]
[Annotator "ChessBase"]
[PlyCount "85"]
[EventDate "2019.12.06"]
[EventType "swiss"]
[EventCountry "EST"]
[SourceTitle "playchess.com"]
[Source "ChessBase"]
[SourceQuality "1"]

1. Nf3 g6 2. e4 c5 3. d4 Bg7 4. c4 Qb6 5. dxc5 Qxc5 6. Bd3 d6 7. h3 Nf6 8. O-O O-O 9. Nc3 Qa5 10. Bg5 Be6 11. Rc1 Nbd7 12. b3 h6 13. Be3 a6 14. Nd4 Nc5 15. Bb1 Bd7 16. Qd2 e5 17. Nde2 Bc6 18. f3 Nh5 19. Bxh6 Bxh6 20. Qxh6 Ne6 21. Qe3 b5 22. Nd5 Kg7 23. g3 bxc4 24. bxc4 Rab8 25. Qc3 Qc5+ 26. Qe3 Bxd5 27. Qxc5 Nxc5 28. cxd5 Rb2 29. Rf2 Rfb8 30. g4 Rxb1 31. gxh5 Rxc1+ 32. Nxc1 Rb1 33. Rf1 gxh5 34. Nb3 Rxf1+ 35. Kxf1 Nd3 36. Na5 Kf6 37. Nc4 Ke7 38. Ne3 Nf4 39. h4 Kd7 40. Nf5 Ng6 41. Ke2 Nf4+ 42. Kd2 Kc7 43. Ke3 1/2-1/2

[Event "EIBCC 2019"]
[Site "Tallinn"]
[Date "2019.12.07"]
[Round "16.10"]
[White "Stupak, Kirill"]
[Black "Nguyen, Thai Dai Van"]
[Result "1/2-1/2"]
[WhiteElo "2459"]
[BlackElo "2419"]
[Annotator "ChessBase"]
[PlyCount "133"]
[EventDate "2019.12.06"]
[EventType "swiss"]
[EventCountry "EST"]
[SourceTitle "playchess.com"]
[Source "ChessBase"]
[SourceQuality "1"]

1. d4 Nf6 2. g3 d5 3. Bg2 e6 4. Nf3 Be7 5. O-O O-O 6. c4 dxc4 7. Ne5 Nc6 8. Bxc6 bxc6 9. Nxc6 Qe8 10. Nxe7+ Qxe7 11. Qc2 c5 12. Qxc4 cxd4 13. Qxd4 e5 14. Qh4 h6 15. Nc3 Bb7 16. Be3 Qe6 17. Rfd1 Nd5 18. Nxd5 Bxd5 19. b3 a5 20. Rd2 a4 21. b4 a3 22. Bc5 Rfe8 23. e4 Bb7 24. Re1 f6 25. Qh5 Red8 26. Qd1 Rxd2 27. Qxd2 Qe8 28. Qc3 Qe6 29. Qd2 Ba6 30. Re3 Bc4 31. Qc1 Bxa2 32. Rxa3 Rxa3 33. Qxa3 Bc4 34. Kg2 Kh7 35. Qc3 Bb5 36. Bf8 Qc6 37. Qxc6 Bxc6 38. f3 Kg8 39. Bc5 Kf7 40. Kf2 h5 41. Ke3 Ke6 42. Bf8 g6 43. h4 f5 44. exf5+ gxf5 45. f4 e4 46. Kd4 Bb5 47. Bc5 Ba6 48. Ba7 Bd3 49. Kc5 e3 50. Kc6 e2 51. Bf2 Be4+ 52. Kc5 Kd7 53. b5 Kc7 54. Kd4 Kd6 55. b6 Ke6 56. Ke3 Kd6 57. Kxe2 Kc6 58. Kd2 Bf3 59. Kc3 Bg4 60. Kd4 Kb7 61. Ke5 Kc6 62. Ke6 Kb7 63. Kd6 Bf3 64. Be3 Bg4 65. Ke6 Kc6 66. Kf6 Kb7 67. Ke5 1/2-1/2

[Event "EIBCC 2019"]
[Site "Tallinn"]
[Date "2019.12.07"]
[Round "16.11"]
[White "Postny, Evgeny"]
[Black "Lobanov, Sergei"]
[Result "1-0"]
[WhiteElo "2661"]
[BlackElo "2394"]
[Annotator "ChessBase"]
[PlyCount "59"]
[EventDate "2019.12.06"]
[EventType "swiss"]
[EventCountry "EST"]
[SourceTitle "playchess.com"]
[Source "ChessBase"]
[SourceQuality "1"]

1. d4 Nf6 2. c4 e6 3. Nf3 b6 4. g3 Ba6 5. Qc2 c5 6. d5 exd5 7. cxd5 Bb7 8. Bg2 Nxd5 9. O-O Be7 10. Rd1 Nc6 11. Qf5 Nf6 12. e4 g6 13. Qf4 O-O 14. e5 Nh5 15. Qc4 Qb8 16. Nc3 Rd8 17. Nd5 Re8 18. Qc3 Ng7 19. Bg5 Bxg5 20. Nxg5 Nh5 21. g4 Qd8 22. h4 Rxe5 23. gxh5 Nd4 24. Rxd4 cxd4 25. Qxd4 d6 26. f4 Rf5 27. h6 f6 28. Re1 Bxd5 29. Bxd5+ Kh8 30. Nf7+ 1-0

[Event "EIBCC 2019"]
[Site "Tallinn"]
[Date "2019.12.07"]
[Round "16.12"]
[White "Motylev, Alexander"]
[Black "Pershin, Denis"]
[Result "1-0"]
[WhiteElo "2629"]
[BlackElo "2359"]
[Annotator "ChessBase"]
[PlyCount "57"]
[EventDate "2019.12.06"]
[EventType "swiss"]
[EventCountry "EST"]
[SourceTitle "playchess.com"]
[Source "ChessBase"]
[SourceQuality "1"]

1. e4 c6 2. Nf3 d5 3. d3 Bg4 4. h3 Bxf3 5. Qxf3 e6 6. Nc3 Nf6 7. g4 Na6 8. g5 Nd7 9. a3 Qa5 10. Bd2 Qb6 11. Ra2 Bd6 12. h4 Ne5 13. Qe2 d4 14. Nd1 Ng6 15. Qg4 Qc7 16. h5 Ne5 17. Qg2 c5 18. f4 Nc6 19. e5 Be7 20. g6 hxg6 21. hxg6 Rxh1 22. gxf7+ Kxf7 23. Qxh1 Qd7 24. Qh5+ Kg8 25. Bg2 Qe8 26. Qg4 Nc7 27. Be4 Qf7 28. Bg6 Qf8 29. Qh5 1-0

[Event "EIBCC 2019"]
[Site "Tallinn"]
[Date "2019.12.07"]
[Round "16.13"]
[White "Studer, Noel"]
[Black "Ziska, Helgi Dam"]
[Result "1-0"]
[WhiteElo "2394"]
[BlackElo "2614"]
[Annotator "ChessBase"]
[PlyCount "119"]
[EventDate "2019.12.06"]
[EventType "swiss"]
[EventCountry "EST"]
[SourceTitle "playchess.com"]
[Source "ChessBase"]
[SourceQuality "1"]

1. d4 Nf6 2. c4 g6 3. Nc3 Bg7 4. e4 d6 5. h3 O-O 6. Be3 e5 7. d5 Na6 8. g4 Nc5 9. f3 c6 10. Nge2 h5 11. Bg5 Qb6 12. Qd2 Nh7 13. Be3 Qd8 14. gxh5 Qh4+ 15. Kd1 Qxh5 16. Bg2 cxd5 17. cxd5 Bd7 18. h4 Nf6 19. Ng3 Qh7 20. h5 Nxh5 21. Kc2 f5 22. Nxh5 gxh5 23. Rag1 Rf7 24. Kb1 Rc8 25. Ka1 b5 26. Rh4 fxe4 27. fxe4 b4 28. Ne2 Bg4 29. Ng3 Bf6 30. Rh2 Rg7 31. Rgh1 h4 32. Qe1 Qg6 33. Nf5 Bxf5 34. exf5 Qg4 35. Bh6 Rh7 36. Bh3 Qe4 37. Qg1+ Kf7 38. Qg6+ Ke7 39. Qxh7+ Kd8 40. Qg8+ Kc7 41. Qg4 Qd3 42. Qe2 Qxd5 43. Bg2 Qf7 44. Rc1 Kb6 45. Be3 Ka5 46. Rhh1 e4 47. Rhd1 h3 48. Bxc5 dxc5 49. Bxe4 c4 50. Bd5 Qg7 51. Rxc4 Rxc4 52. Qxc4 Bxb2+ 53. Kb1 Ba3 54. Qc5+ Ka6 55. Bc4+ Kb7 56. Qb5+ Kc7 57. Qc5+ Kb7 58. Qd5+ Kc7 59. Qd6+ Kc8 60. Ba6+ 1-0

[Event "EIBCC 2019"]
[Site "Tallinn"]
[Date "2019.12.07"]
[Round "16.14"]
[White "Gretarsson, Helgi Ass"]
[Black "Duzhakov, Ilya"]
[Result "1-0"]
[WhiteElo "2523"]
[BlackElo "2346"]
[Annotator "ChessBase"]
[PlyCount "68"]
[EventDate "2019.12.06"]
[EventType "swiss"]
[EventCountry "EST"]
[SourceTitle "playchess.com"]
[Source "ChessBase"]
[SourceQuality "1"]

1. d4 Nf6 2. c4 g6 3. Nc3 d5 4. cxd5 Nxd5 5. Bd2 Nb6 6. Nf3 Bg7 7. Bf4 O-O 8. Rc1 c6 9. h3 N8d7 10. e4 Nf6 11. Be2 h6 12. O-O a5 13. Qd2 Kh7 14. Rfd1 Ne8 15. Bd3 f5 16. exf5 Bxf5 17. Be5 a4 18. Qe2 Ra5 19. Bxf5 Rxf5 20. Re1 Bxe5 21. Nxe5 Qxd4 22. Nf3 Qf6 23. Qxe7+ Ng7 24. Qxb7 Rxf3 25. Ne4 Qf7 26. Qxb6 Rff5 27. Nd6 Qxa2 28. Nxf5 Rxf5 29. Rxc6 Qd5 30. Rxg6 Qd2 31. Re7 Qc1+ 32. Kh2 Qf4+ 33. Rg3 Rg5 34. Qc7 Qxc7 1-0

[Event "EIBCC 2019"]
[Site "Tallinn"]
[Date "2019.12.07"]
[Round "16.15"]
[White "Lazavik, Denis"]
[Black "Potapov, Pavel"]
[Result "1-0"]
[WhiteElo "2222"]
[BlackElo "2464"]
[Annotator "ChessBase"]
[PlyCount "99"]
[EventDate "2019.12.06"]
[EventType "swiss"]
[EventCountry "EST"]
[SourceTitle "playchess.com"]
[Source "ChessBase"]
[SourceQuality "1"]

1. d4 f5 2. Nf3 Nf6 3. g3 g6 4. Bg2 Bg7 5. O-O O-O 6. b3 Ne4 7. Bb2 d6 8. Nbd2 Nc6 9. Ne1 Ng5 10. e3 e6 11. c4 Rb8 12. Nd3 Nf7 13. Qc2 e5 14. d5 Ne7 15. e4 Ng5 16. f4 Nxe4 17. Nxe4 fxe4 18. Bxe4 Bh3 19. Rfe1 exf4 20. Bxg7 Kxg7 21. Nxf4 Bg4 22. Bg2 Kg8 23. Ne6 Bxe6 24. dxe6 c6 25. Rad1 Qb6+ 26. Kh1 Rf2 27. Qd3 Rbf8 28. Rg1 d5 29. cxd5 cxd5 30. Bxd5 Rxa2 31. Bg2 Raf2 32. Qd7 Qb4 33. Rc1 a5 34. Qd3 Kg7 35. Rc7 Kh6 36. Qe3+ g5 37. h4 R2f5 38. Rc4 Qb5 39. Kh2 Kg7 40. Qd4+ Kh6 41. Qd2 Kg7 42. Rc7 Re8 43. Qc3+ Qe5 44. Qxe5+ Rxe5 45. Bh3 b5 46. Rf1 Kg6 47. Rf7 Re2+ 48. Kg1 Rd8 49. Rcxe7 Rd1+ 50. Rf1 1-0

[Event "EIBCC 2019"]
[Site "Tallinn"]
[Date "2019.12.07"]
[Round "16.16"]
[White "Galopoulos, Nikolaos"]
[Black "Muter, Donny"]
[Result "1-0"]
[WhiteElo "2429"]
[BlackElo "2169"]
[Annotator "NA"]
[PlyCount "85"]
[EventDate "2019.12.06"]
[EventType "swiss"]
[EventCountry "EST"]
[SourceTitle "playchess.com"]
[Source "ChessBase"]
[SourceQuality "1"]

1. d4 d6 2. e4 Nf6 3. f3 h5 4. Bg5 Nbd7 5. Bc4 c6 6. Bb3 e5 7. Ne2 Be7 8. Be3 d5 9. exd5 Nxd5 10. Bxd5 cxd5 11. Nbc3 Bh4+ 12. g3 Bg5 13. Bxg5 Qxg5 14. Nxd5 O-O 15. Qd2 Qxd2+ 16. Kxd2 exd4 17. Nxd4 Ne5 18. f4 Rd8 19. fxe5 Rxd5 20. c3 Rxe5 21. Rae1 Rxe1 22. Rxe1 Kf8 23. Re5 g6 24. Rc5 Rb8 25. Rc7 a6 26. Ke3 Bg4 27. Kf4 Kg7 28. Ke3 g5 29. b4 Kg6 30. c4 h4 31. gxh4 gxh4 32. Kf4 Bd1 33. c5 Rd8 34. Ke4 f5+ 35. Ke5 Bg4 36. Ne6 Rd2 37. Rg7+ Kh6 38. Kf6 Rxh2 39. Rg6+ Kh7 40. Ng5+ Kh8 41. Nf7+ Kh7 42. Rh6+ Kg8 43. Rh8# 1-0

[Event "EIBCC 2019"]
[Site "Tallinn"]
[Date "2019.12.07"]
[Round "16.17"]
[White "Babula, Vlastimil"]
[Black "Kashtanov, Ruslan"]
[Result "1/2-1/2"]
[WhiteElo "2605"]
[BlackElo "2302"]
[Annotator "ChessBase"]
[PlyCount "104"]
[EventDate "2019.12.06"]
[EventType "swiss"]
[EventCountry "EST"]
[SourceTitle "playchess.com"]
[Source "ChessBase"]
[SourceQuality "1"]

1. d4 Nf6 2. c4 g6 3. Nc3 Bg7 4. e4 d6 5. Nf3 O-O 6. Be2 c5 7. O-O cxd4 8. Nxd4 Nc6 9. Be3 Bd7 10. Nc2 Qa5 11. f3 Rfc8 12. Qd2 a6 13. Rab1 Ne5 14. b3 b5 15. b4 Qd8 16. c5 Be6 17. cxd6 Qxd6 18. Nd4 Nc4 19. Bxc4 Bxc4 20. Rfd1 Nd7 21. Nce2 Qc7 22. Bh6 Be5 23. Bf4 Bxf4 24. Nxf4 e5 25. Nb3 exf4 26. Qxd7 Qb6+ 27. Nc5 Bxa2 28. Rbc1 Bc4 29. Qe7 a5 30. Rd6 Rc6 31. Rd7 axb4 32. Rxc4 Rf8 33. Rc1 b3 34. Rd5 b2 35. Rb1 Rfc8 36. Rxb2 Rxc5 37. Rxc5 Qxc5+ 38. Qxc5 Rxc5 39. Kf2 Kg7 40. g3 fxg3+ 41. hxg3 Kf6 42. Ke3 Rc3+ 43. Kf4 g5+ 44. Kg4 h5+ 45. Kxh5 Rxf3 46. Kg4 Re3 47. Rxb5 Rxe4+ 48. Kh5 g4 49. Rg5 Re1 50. Kxg4 Re4+ 51. Kh5 Re5 52. Rxe5 Kxe5 1/2-1/2

[Event "EIBCC 2019"]
[Site "Tallinn"]
[Date "2019.12.07"]
[Round "16.18"]
[White "Hjartarson, Johann"]
[Black "Ahvenjarvi, Jani"]
[Result "1-0"]
[WhiteElo "2559"]
[BlackElo "2325"]
[Annotator "ChessBase"]
[PlyCount "78"]
[EventDate "2019.12.06"]
[EventType "swiss"]
[EventCountry "EST"]
[SourceTitle "playchess.com"]
[Source "ChessBase"]
[SourceQuality "1"]

1. e4 e5 2. Nf3 Nc6 3. Bb5 a6 4. Ba4 Nf6 5. O-O Be7 6. Re1 b5 7. Bb3 d6 8. c3 O-O 9. d4 Bg4 10. d5 Na5 11. Bc2 c6 12. h3 Bc8 13. dxc6 Qc7 14. Nbd2 Qxc6 15. Nf1 h6 16. Ng3 Re8 17. a4 Bb7 18. Nh4 Bf8 19. Nhf5 d5 20. Qf3 d4 21. b4 Nc4 22. cxd4 exd4 23. Nxd4 Qb6 24. Ndf5 Bxb4 25. Rd1 Rad8 26. Rxd8 Rxd8 27. Bf4 Bd2 28. axb5 axb5 29. Bb3 Kh7 30. Nxg7 Kxg7 31. Nf5+ Kf8 32. Bxh6+ Bxh6 33. Nxh6 Bxe4 34. Qf4 Qd6 35. Qh4 Qe5 36. Ra7 Bd5 37. Bc2 Rd7 38. Rxd7 Nxd7 39. Nf5 Qe8 1-0

[Event "EIBCC 2019"]
[Site "Tallinn"]
[Date "2019.12.07"]
[Round "16.19"]
[White "Lopusiewicz, Piotr"]
[Black "Ruck, Robert"]
[Result "0-1"]
[WhiteElo "2301"]
[BlackElo "2541"]
[Annotator "ChessBase"]
[PlyCount "80"]
[EventDate "2019.12.06"]
[EventType "swiss"]
[EventCountry "EST"]
[SourceTitle "playchess.com"]
[Source "ChessBase"]
[SourceQuality "1"]

1. d4 Nf6 2. c4 e6 3. Nf3 d5 4. Nc3 Bb4 5. cxd5 exd5 6. Bg5 h6 7. Bh4 g5 8. Bg3 Ne4 9. Nd2 Nxg3 10. hxg3 c6 11. e3 Be6 12. Qb3 Qe7 13. a3 Bd6 14. Bd3 a5 15. O-O-O b5 16. a4 bxa4 17. Qxa4 Qb7 18. e4 Nd7 19. exd5 cxd5 20. Rde1 Kf8 21. f4 Rb8 22. Qa2 gxf4 23. Rhf1 a4 24. gxf4 Nf6 25. f5 Bd7 26. Re2 a3 27. bxa3 Qa7 28. Nb3 Rg8 29. a4 Rg3 30. Rf3 Rxf3 31. gxf3 Qc7 32. Rc2 Qb6 33. Nb5 Bf4+ 34. Kb1 h5 35. Nc5 Be8 36. Qa3 Bd6 37. Qc3 h4 38. a5 Qd8 39. Rb2 h3 40. Nxd6 Qxd6 0-1

[Event "EIBCC 2019"]
[Site "Tallinn"]
[Date "2019.12.07"]
[Round "16.20"]
[White "Dragicevic, Drazen"]
[Black "Dragnev, Valentin"]
[Result "0-1"]
[WhiteElo "2300"]
[BlackElo "2523"]
[Annotator "ChessBase"]
[PlyCount "82"]
[EventDate "2019.12.06"]
[EventType "swiss"]
[EventCountry "EST"]
[SourceTitle "playchess.com"]
[Source "ChessBase"]
[SourceQuality "1"]

1. c4 e6 2. g3 d5 3. Bg2 Nf6 4. Nf3 dxc4 5. Qa4+ Bd7 6. Qxc4 c5 7. O-O Bc6 8. d3 Nbd7 9. Qc2 Be7 10. Nbd2 O-O 11. a3 Rc8 12. Nc4 b5 13. Ne3 Qb6 14. Rd1 Rfd8 15. Bd2 h6 16. Rac1 Nd5 17. Qb1 a5 18. Nxd5 Bxd5 19. e4 Bb3 20. Re1 Nb8 21. Be3 a4 22. d4 c4 23. d5 Qa6 24. Nd4 e5 25. Nf5 Bf8 26. g4 b4 27. axb4 Bxb4 28. Re2 c3 29. Bf1 Qg6 30. h3 c2 31. Rexc2 Bxc2 32. Rxc2 h5 33. f3 hxg4 34. hxg4 Nd7 35. Qc1 Nb6 36. Bc5 Bxc5+ 37. Rxc5 Kf8 38. d6 Qe6 39. Qc3 g6 40. Ne7 Rxc5 41. Qxc5 Qxd6 0-1

[Event "EIBCC 2019"]
[Site "Tallinn"]
[Date "2019.12.07"]
[Round "16.21"]
[White "Khakimov, Timur"]
[Black "Schneider, Ilja"]
[Result "0-1"]
[WhiteElo "2287"]
[BlackElo "2483"]
[Annotator "ChessBase"]
[PlyCount "56"]
[EventDate "2019.12.06"]
[EventType "swiss"]
[EventCountry "EST"]
[SourceTitle "playchess.com"]
[Source "ChessBase"]
[SourceQuality "1"]

1. d4 d5 2. Nc3 Nc6 3. Bf4 Bf5 4. e3 e6 5. Bb5 Bd6 6. Nge2 Nge7 7. O-O O-O 8. Bxd6 Qxd6 9. Ng3 Bg6 10. Qd2 a6 11. Bd3 e5 12. dxe5 Nxe5 13. Bxg6 hxg6 14. Rad1 Rad8 15. Qe2 Qb6 16. b3 Rfe8 17. f4 Ng4 18. Rd3 Nf5 19. Nxf5 gxf5 20. Rf3 d4 21. Na4 Qc6 22. Qd1 Nxe3 23. Rfxe3 dxe3 24. Rxd8 e2 25. Rxe8+ Qxe8 26. Qe1 Qe3+ 27. Kh1 Qxf4 28. Kg1 Qd4+ 0-1